000 02596nam0a2200385 4500
001 RU\NLR\BIBL_A\022693486
005 20260312103004.0
010 _a978-5-86002-177-8
021 _aRU
_bКН-П-25-068719
_9КН-П-25-6652
035 _a(NLR Aleph) 022693486
090 _a13635535
_c13635535
100 _a20251223d2017 u y0rusy50 ca
101 0 _arus
102 _aRU
105 _ay z 000yy
181 0 _ai4
_baxxe
182 0 _an
200 1 _aГенетические аспекты агрессивного поведения
_eаналитический обзор
_eдля врачей-психиатров, наркологов, судебно-психиатрических экспертов, психотерапевтов, молекулярных биологов, генетиков, патофизиологов, медицинских психологов
_fТ. Б. Мустафина, кандидат биологических наук К. А. Павлов, доктор биологических наук Д. А. Чистяков [и др.]
_gФГБУ "Национальный медицинский исследовательский центр психиатрии и наркологии имени В. П. Сербского" Министерства здравоохранения Российской Федерации
203 _aТекст
_bвизуальный
_cнепосредственный
210 _aМосква
_cНациональный медицинский исследовательский центр психиатрии и наркологии имени В. П. Сербского
_d2017
215 _a28 с.
_d21
225 1 _aПсихиатрия
_v139
300 _aАвт. указаны на обороте тит. с. и на обл.
316 _a№ к серии написан от руки простым карандашом
_5NLR
320 _aБиблиогр.: с. 18-27 (100 назв.)
606 1 _aШизофреники
_xАгрессивные действия
_xГенетические аспекты
_2nlr_sh2
_3RU\NLR\AUTH\6601767460
686 1 _aР645.90-2
701 1 _aМустафина
_bТ. Б.
701 1 _aПавлов
_bК. А.
701 1 _aЧистяков
_bД. А.
712 0 2 _aНациональный медицинский исследовательский центр психиатрии и наркологии им. В. П. Сербского
_cМосква
_3RU\NLR\AUTH\880458683
_4475
942 _cBOOK
980 _aNB